zpět

Detail výsledku týmu

Hells Bells Beer Pub, Praha

Datum a čas kvízu

28.5 Celkem bodů Celkový počet nahraných bodů na tomto kvízu bez doplňovacích otázek.
8. Pořadí na kvízu Konečné umístění týmu na tomto kvízu.

Zaznamenané odpovědi

# Otázka Odpověď Body Výsledky
1. Centrum pro výzkum veřejného m... 1
2. Polská policie musela ve střed... 1
3. Televize Nova musela minulý tý... 0
4. Obchodní řetězec Penny začal p... 0
5. Olympijský vítěz z Nagana nabí... 1
6. Také se Vám někdy stane, že v... 1
7. Napište slovo s českým slovním... 1
8. Vzpomeňte si na jednu dříve ho... 0
9. Ve filmu Tajemství hradu v Kar... 0
10. Kdo hledí pouze na prospěch, t... 1